Catálogo
 En Linea

Mensaje. (Registro nro. 27882)

Detalles MARC
000 -CABECERA
campo de control de longitud fija 00952nam a2200157 a 4500
001 - NÚMERO DE CONTROL
campo de control 000028390
005 - FECHA Y HORA DE LA ÚLTIMA TRANSACCIÓN
campo de control 20200930054923.0
008 - DATOS DE LONGITUD FIJA--INFORMACIÓN GENERAL
campo de control de longitud fija 110408s1972 dr r 000 0 spa d
040 ## - FUENTE DE LA CATALOGACIÓN
Centro catalogador/agencia de origen DO-SdBNP
Lengua de catalogación spa
Centro/agencia transcriptor BNPHU
082 ## - NÚMERO DE LA CLASIFICACIÓN DECIMAL DEWEY
Número de clasificación xxxx
Número de documento/Ítem R426m
110 1# - ENTRADA PRINCIPAL--NOMBRE DE ENTIDAD CORPORATIVA
Nombre de entidad corporativa o nombre de jurisdicción como elemento de entrada República Dominicana.
Unidad subordinada Academia Dominicana de Lengua
9 (RLIN) 55350
245 10 - MENCIÓN DE TÍTULO
Título Mensaje.
260 ## - PUBLICACIÓN, DISTRIBUCIÓN, ETC.
Lugar de publicación, distribución, etc. Santo Domingo :
Nombre del editor, distribuidor, etc. Arte y Cine,
Fecha de publicación, distribución, etc. 1972.
300 ## - DESCRIPCIÓN FÍSICA
Extensión 42 p. ;
Dimensiones 23 cm.
500 ## - NOTA GENERAL
Nota general La Academia Dominicana de Lengua recoge en estas páginas los discursos pronunciados en el salón de actos de la Biblioteca Nacional por los señores D. Fabio A. Mota Medrano y D. Mariano Lebrón Saviñón, presidente y tesorero respectivamente del Instituto Dominicano Andrés Bello, con motivo de la próxima celebración del VI Congreso de Academias de la Lengua, cuya clausura solemne tendrá efecto el día 29 de noviembre, fecha en que se celebra Hispanoamérica el CXCI natalicio del insigne lingüística venezolano.
Existencias
Estado de retiro Estado de pérdida No para préstamo Código de colección Localización permanente Ubicación/localización actual Ubicación en estantería Fecha de adquisición Número de inventario Total de préstamos Signatura topográfica completa Código de barras Fecha visto por última vez Precio válido a partir de Tipo de ítem Koha Nota pública
    Excluido de préstamo Patrimonio Dominicano Patrimonio Dominicano Patrimonio Dominicano Depósito 08.04.2011 LF1   xxxx R426m 28390-10 25.06.2020 25.06.2020 Libro y Folleto Colección Patrimonio Dominicano Perteneció a la biblioteca personal de Bárbara Suncar.

Con tecnología Koha